| 000 | 00888nam a2200289Ia 4500 | ||
|---|---|---|---|
| 001 | Para_7797 | ||
| 003 | CHAP | ||
| 008 | 220125s1922 xx 000 0 und d | ||
| 010 | _a206432 | ||
| 040 | _cCHAP | ||
| 082 | _aPA-C 595.75 H4 | ||
| 100 |
_aKuwana, Inokichi _964153 |
||
| 245 |
_aStudies on japaneses monophlebinae contribution I. : _b the genus warajicoccus / _c by Inokichi Kuwana |
||
| 260 |
_aYokohama, Japan : _b Department of Agriculture and Commerce |
||
| 300 | _a58 p. | ||
| 440 |
_aHemÃptera ; 6 : bulletin ; 2 _9172741 |
||
| 500 | _aEnc. con otros impresos similares | ||
| 650 |
_aCoccidae _924200 |
||
| 650 |
_aHemÃpteros _x colecciones de escritos _9165786 |
||
| 901 | _aPA-C 595.75 H4 | ||
| 902 | _aA | ||
| 905 | _a0000001922 a 0000000000 00 | ||
| 910 | _a1922 | ||
| 942 | _cPARA | ||
| 942 |
_cPARA _d1 |
||
| 999 |
_c206432 _d206432 |
||